Design Since 1900 / (Record no. 18657)

MARC details
000 -LEADER
fixed length control field 00456nam a22001697a 4500
005 - DATE AND TIME OF LATEST TRANSACTION
control field 20230619142937.0
008 - FIXED-LENGTH DATA ELEMENTS--GENERAL INFORMATION
fixed length control field 230607b |||||||| |||| 00| 0 eng d
020 ## - INTERNATIONAL STANDARD BOOK NUMBER
ISBN 9780500203798
082 ## - DEWEY DECIMAL CLASSIFICATION NUMBER
Classification number 759.95491
Item number HUD-D
100 ## - MAIN ENTRY--AUTHOR
Author Name Hudson&Thames
245 ## - TITLE STATEMENT
Title Design Since 1900 /
Remainder of title The Thames & Hudson Dictionary
260 ## - PUBLICATION, DISTRIBUTION, ETC.
Place of Publication India
Date of publication, distribution, etc. 2004
Name of publisher, distributor, etc. Thames & Hudson World of Art
300 ## - PHYSICAL DESCRIPTION
Pages 224
650 ## - SUBJECT ADDED ENTRY--TOPICAL TERM
Subject / Department Engineering
700 ## - ADDED ENTRY--PERSONAL NAME
Personal name Thames & Hudson
952 ## - LOCATION AND ITEM INFORMATION (KOHA)
-- 0
-- 0
Holdings
Lost status Damaged status Permanent Location Current Location Shelving Location Date acquired Full Call Number Accession No./Barcode Date last seen item type
    Superior Information Resource Center (SIRC) Superior University- Main Campus Superior Information Resource Center (SIRC) Superior University- Main Campus Engineering 06/07/2023 159.954 HUD-D 2004 15396 06/07/2023 BOOK

Powered by Koha